Т. 3: Денежная реформа, кредит и банковская система России. Кн. 3; Собрание сочинений и документальных материалов

Bibliographic Details
Parent link:Собрание сочинений и документальных материалов: в 5 т./ С. Ю. Витте; Российская академия наук; Институт экономики. Т. 3: Денежная реформа, кредит и банковская система России. Кн. 3.— , 2002-.— 5-02-008394-1
Summary:В третью книгу третьего тома издания включены наиболее важные документальные материалы, связанные с деятельностью министра финансов С. Ю. Витте в области учреждений государственного, частного и общественного кредита. Представленные материалы дают возможность оценить значение и качество реформ Государственного банка, Государственных сберегательных касс, Государственного Дворянского земельного банка, акционерных коммерческих банков, банкирских заведений, городских общественных банков и городских кредитных обществ, а также организацию кредита для городов и земств. Для государственных деятелей, научных работников, преподавателей, аспирантов, студентов и всех интересующихся историей банковского дела в России.
Language:Russian
Published: 2006
Subjects:
Format: MixedMaterials Book
KOHA link:https://koha.lib.tpu.ru/cgi-bin/koha/opac-detail.pl?biblionumber=78538

MARC

LEADER 00000nam2a2200000 4500
001 78538
005 20231031093900.0
010 |a 502033796X 
035 |a (RuTPU)RU\TPU\book\84194 
090 |a 78538 
100 |a 20050627d2006 k y0rusy50 ca 
101 0 |a rus 
102 |a RU 
105 |a a z 001zy 
200 0 |a Т. 3: Денежная реформа, кредит и банковская система России. Кн. 3 
210 |d 2006 
215 |a 448 с.  |c ил. 
320 |a Именной указатель: с. 442. 
320 |a Географический указатель: с. 445-446. 
320 |a Предметный указатель: с. 443-444. 
330 |a В третью книгу третьего тома издания включены наиболее важные документальные материалы, связанные с деятельностью министра финансов С. Ю. Витте в области учреждений государственного, частного и общественного кредита. Представленные материалы дают возможность оценить значение и качество реформ Государственного банка, Государственных сберегательных касс, Государственного Дворянского земельного банка, акционерных коммерческих банков, банкирских заведений, городских общественных банков и городских кредитных обществ, а также организацию кредита для городов и земств. Для государственных деятелей, научных работников, преподавателей, аспирантов, студентов и всех интересующихся историей банковского дела в России. 
461 1 |0 (RuTPU)RU\TPU\book\64490  |y 5-02-008394-1  |t Собрание сочинений и документальных материалов  |o в 5 т.  |f С. Ю. Витте  |g Российская академия наук; Институт экономики  |v Т. 3: Денежная реформа, кредит и банковская система России. Кн. 3  |d 2002-   |s Памятники экономической мысли 
610 1 |a экономика 
610 1 |a история 
610 1 |a экономическая мысль 
610 1 |a Россия 
610 1 |a налоги 
610 1 |a государственный бюджет 
610 1 |a государственный кредит 
610 1 |a денежные реформы 
610 1 |a банковская система 
610 1 |a 19 век 
610 1 |a 20 век 
610 1 |a государственные банки 
610 1 |a государственные сберегательные кассы 
686 |a У02(2)  |v LBC/SL-A  |2 rubbk 
801 1 |a RU  |b 63413507  |c 20050627  |g PSBO 
801 2 |a RU  |b 63413507  |c 20071015  |g PSBO 
942 |c BK 
959 |a 53/20050505  |d 1  |e 0